Statistics for Best Performing Country by Sport at Tokyo 2020 Olympics

Click here to take the quiz!

General Stats

  • This quiz has been taken 145 times
  • The average score is 27 of 46

Answer Stats

SportGSBCountry% Correct
3x3 Basketball100Latvia/United States
97%
Basketball200United States
93%
Athletics7127United States
92%
Swimming11109United States
89%
Football100Brazil/Canada
88%
Table Tennis430China
86%
Beach Volleyball100Norway/United States
86%
Golf200United States
84%
Badminton240China
82%
Diving750China
78%
Judo921Japan
77%
Karate111Japan
76%
Volleyball100France/United States
73%
Baseball/Softball200Japan
73%
Surfing100Brazil/United States
71%
Artistic Gymnastics332China
70%
Archery400South Korea
68%
Water Polo100Serbia/United States
66%
Rugby Sevens110New Zealand
63%
Artistic Swimming200Russian Olympic Committee
61%
Weightlifting710China
58%
Handball200France
58%
Skateboarding311Japan
58%
Shooting416China
57%
Cycling Track331Great Britain
56%
Equestrian310Germany
55%
Hockey100Belgium/Netherlands
53%
Modern Pentathlon200Great Britain
53%
Triathlon120Great Britain
51%
Sailing311Great Britain
51%
Trampoline Gymnastics120China
50%
Boxing401Cuba
48%
Fencing341Russian Olympic Committee
44%
Cycling BMX Freestyle101Great Britain
43%
Cycling BMX Racing110Great Britain
43%
Wrestling511Japan
41%
Tennis120Russian Olympic Committee
41%
Marathon Swimming100Brazil/Germany
39%
Sport Climbing100Spain/Slovenia
38%
Cycling Road121Netherlands
37%
Rhythmic Gymnastics100Bulgaria/Israel
31%
Rowing320New Zealand
28%
Taekwondo211Russian Olympic Committee
28%
Cycling Mountain Bike121Switzerland
27%
Canoe Slalom110Czech Republic
21%
Canoe Sprint321Hungary
19%

Score Distribution

Percentile by Number Answered

Percent of People with Each Score

Your Score History

You have not taken this quiz